Mirando al 92, el fin de una utopía educativa : el desarrollismo en América Latina /

Bibliographic Details
Main Author: Galvani, Victoria
Format: Libro
Language:English

MARC

LEADER 00000cam a2200000 a 4500
001 040100
003 UAHC_CL
005 20170803124423.0
008 060714b xx j 000 1 eng
040 |a UAHC_CL  |c UAHC_CL  |d UAHC_CL 
100 1 |a Galvani, Victoria 
245 1 0 |a Mirando al 92, el fin de una utopía educativa :  |b el desarrollismo en América Latina /  |c Victoria Galvani. 
500 |a Revista Complutense de Educación. --Vol. 1, Nº3 (1990) pp. 477-485. 
900 |a REV. COMPLUT. EDUC.-03/90 
942 |c BK 
999 |c 40100  |d 40100